LIBRARY & INFORMATION CENTRE, KCAET, TAVANUR

ONLINE PUBLIC ACCESS CATALOGUE (OPAC)

Design of concrete structures vol-1 / (Record no. 9189)

MARC details
000 -LEADER
fixed length control field 00384cam a2200157ua 4500
003 - CONTROL NUMBER IDENTIFIER
control field OSt
008 - FIXED-LENGTH DATA ELEMENTS--GENERAL INFORMATION
fixed length control field 250610b |||||||| |||| 00| 0 eng d
041 ## - LANGUAGE CODE
Language code of text/sound track or separate title eng
082 ## - DEWEY DECIMAL CLASSIFICATION NUMBER
Classification number 624.1834
Item number RAM/DE
100 ## - MAIN ENTRY--AUTHOR NAME
Personal name Ramchandra
245 ## - TITLE STATEMENT
Title Design of concrete structures vol-1 /
250 ## - EDITION STATEMENT
Edition statement 2 /
260 ## - PUBLICATION, DISTRIBUTION, ETC. (IMPRINT)
Place of publication Delhi :
Name of publisher Standard Book House ,
Year of publication 1993.
300 ## - PHYSICAL DESCRIPTION
Number of Pages 1198 ; .
942 ## - ADDED ENTRY ELEMENTS (KOHA)
Koha item type Books
Holdings
Withdrawn status Lost status Damaged status Home library Current library Date acquired Full call number Accession Number Koha item type
      KAUAET KAUAET 07/04/2012 624.1834 RAM/DE 19264 Books
free website counter